Estadísticas para Equipos más antiguos de España

Haz click aquí para intentar la prueba.

Estadísticas generales

  • Esta prueba ha sido intentada 62 veces
  • La puntuación promedio es 10 de 22

Estadísticas de respuestas

Año fundaciónClub% Correcto
1899Fútbol Club Barcelona
100%
1900Real Madrid Club de Fútbol
98%
1903Club Atlético de Madrid
96%
1890Sevilla Fútbol Club
96%
1898Athletic Club
93%
1907Real Betis Balompié
89%
1889Real Club Recreativo de Huelva
78%
1906Real Club Deportivo de La Coruña
70%
1900Real Club Deportivo Espanyol
67%
1905Real Sporting de Gijón
63%
1902Real Unión Club
50%
1908Real Murcia Club de Fútbol
41%
1907Club Esportiu Europa
39%
1903Centre d'Esports Sabadell Fútbol Club
20%
1903Club de Fútbol Badalona
9%
1903Real Avilés Club de Fútbol
9%
1907Gimnástica de Torrelavega
6%
1905Sociedad Deportiva Beasain
4%
1906Terrassa Fútbol Club
2%
1904Fútbol Club Vilafranca
0%
1906Real Club Deportivo Axpo Carabanchel
0%
1905Santfeliuenc Fútbol Club
0%

Distribución de puntuación

Porcentaje por número respondido

Porcentaje de gente con cada puntuación

Historial de tus puntuaciones

No has intentado esta prueba.